Kamal y los alfabetistas
Wedi'i Gadw mewn:
| Prif Awdur: | |
|---|---|
| Fformat: | Llyfr |
| Iaith: | Sbaeneg |
| Cyhoeddwyd: |
Barcelona
Edebé
2015
|
| Rhifyn: | 1a. ed |
| Cyfres: | Periscopio, 84
|
| Pynciau: | |
| Tagiau: |
Ychwanegu Tag
Dim Tagiau, Byddwch y cyntaf i dagio'r cofnod hwn!
|
MARC
| LEADER | 00000cam a2200000 a 4500 | ||
|---|---|---|---|
| 001 | UCD6238 | ||
| 003 | CL-VaPUC | ||
| 008 | 161124e20150000sp |||||||||||||||||spa|d | ||
| 020 | |a 9788468315935 | ||
| 082 | 0 | 4 | |a 863 |b BUR |2 21 |
| 100 | 0 | |a Burgas, Angel |e author |9 589980 | |
| 245 | 1 | 0 | |a Kamal y los alfabetistas |
| 250 | |a 1a. ed | ||
| 300 | |a 249 p | ||
| 942 | |c BK | ||
| 945 | |d 20161124 22:47:00 |a dcastane | ||
| 260 | |a Barcelona |b Edebé |c 2015 | ||
| 650 | 0 | |a Cuentos españoles |9 267960 | |
| 650 | 0 | |a Literatura española |9 306261 | |
| 650 | 0 | |a Literatura juvenil |9 309909 | |
| 583 | |a last modification |c 20161124 22:47:00 |k Rodrigo Vera | ||
| 490 | 0 | |a Periscopio, 84 | |
| 999 | |c 366598 |d 366596 | ||